000 00980nam a2200217 a 4500
001 15182
003 CO-ViMGA
008 141112s2004 ck r 000 u spa d
020 _a9589400523
040 _aCO-ViMGA
_bspa
_cCO-ViMGA
082 0 4 _a617.7 A715f
100 1 _aArango S., Kevin; Mejia E., Luis Fernando; Abad L., Juan Carlos
_922043
245 1 0 _aOftalmología
260 _aMedellín,
_cCib,
_c2001
300 _a386.p.
490 _aFundamentos de cirugía
505 _aExamen del paciente oftalmológico Diagnóstico imaginológico en oftalmología Enfoque del paciente oftalmológico Enfermedades sistemicas Trauma ocular Córnea y enfermedades externas Optica y Cirugía refractiva Cristalino Glaucoma Tracto Uveal Párpados y sistema lagrimal Orbita Oncología ocular Retina y vítreo Oftalmopediatría Estrabismo Neuro - oftalmología Guía de medicamentos oftalmológicos
590 _aPrecio :
_56.700
650 1 4 _aOFTALMOLOGIA
_922044
942 _2ddc
_cBK
999 _c25556
_d25556